[Event "Ste Foy Morphy"]
[Site "Ste Foy"]
[Date "2016.03.12"]
[Round "3"]
[White "Sarra Bournet, Marc"]
[Black "Sirois, Eric"]
[Result "1-0"]
[WhiteElo "1898"]
[BlackElo "1754"]
[PlyCount "53"]
[EventDate "2016.02.27"]
[EventType "swiss"]
[EventRounds "5"]
[EventCountry "CAN"]
[SourceTitle "EXT 2022"]
[Source "ChessBase"]
[SourceDate "2021.10.06"]
[SourceVersion "1"]
[SourceVersionDate "2021.10.06"]
[SourceQuality "1"]

1. e4 c5 2. Nc3 e6 3. g3 Nc6 4. Bg2 d6 5. Nge2 Nf6 6. 0-0 Be7 7. d4 cxd4 8. Nxd4 0-0 9. Nxc6 bxc6 10. e5 Nd5 11. exd6 Qxd6 12. Ne4 Qb4 13. a3 Qb5 14. b3 Nf6 15. c4 Qb6 16. Be3 Qc7 17. Qc2 Rb8 18. b4 Nxe4 19. Qxe4 Bd7 20. Rfd1 e5 21. f4 Bf6 22. fxe5 Rfe8 23. Bf4 Qc8 24. Qd4 Bxe5 25. Bxe5 Bg4 26. Bxb8 Bxd1 27. Rxd1 1-0

[Event "Quebec Montcalm op 1 2014-15"]
[Site "Quebec"]
[Date "2014.09.18"]
[Round "3"]
[White "Sirois, Eric"]
[Black "Cournoyer, Dominic"]
[Result "1/2-1/2"]
[WhiteElo "1708"]
[BlackElo "1931"]
[PlyCount "89"]
[EventDate "2014.09.04"]
[EventType "swiss"]
[EventRounds "5"]
[EventCountry "CAN"]
[SourceTitle "EXT 2022"]
[Source "ChessBase"]
[SourceDate "2021.10.06"]
[SourceVersion "1"]
[SourceVersionDate "2021.10.06"]
[SourceQuality "1"]

1. e4 d5 2. exd5 Nf6 3. d4 Nxd5 4. Nf3 Bg4 5. Be2 e6 6. 0-0 Be7 7. c4 Nf6 8. Nc3 0-0 9. h3 Bh5 10. Bf4 c6 11. g4 Bg6 12. Ne5 Na6 13. Bg3 Bd6 14. f4 Ne4 15. Nxe4 Bxe4 16. Bf3 Bxf3 17. Rxf3 c5 18. d5 exd5 19. cxd5 Nb4 20. Nc4 f5 21. a3 Na6 22. Qd3 Nc7 23. gxf5 b5 24. Ne5 c4 25. Qe4 Bc5+ 26. Kh2 Qxd5 27. Qxd5+ Nxd5 28. Nd7 Rfc8 29. Rd1 Nb6 30. f6 Nxd7 31. Rxd7 g6 32. Rg7+ Kh8 33. f5 Bf8 34. Rb7 a6 35. fxg6 hxg6 36. Rf4 g5 37. Rf5 Rc5 38. Be5 Rxe5 39. Rxe5 Bd6 40. Rbe7 Rf8 41. Kg2 Bxe5 42. Rxe5 Rxf6 43. Rxg5 Rd6 44. Rf5 Kg7 45. Rf3 1/2-1/2

[Event "Charlesbourg Keres"]
[Site "Charlesbourg"]
[Date "2007.04.16"]
[Round "3"]
[White "Boulianne, Gabriel"]
[Black "Sirois, Eric"]
[Result "0-1"]
[WhiteElo "1454"]
[BlackElo "1660"]
[PlyCount "68"]
[EventDate "2007.04.??"]
[EventType "swiss"]
[EventRounds "5"]
[EventCountry "CAN"]
[SourceTitle "EXT 2022"]
[Source "ChessBase"]
[SourceDate "2021.10.06"]
[SourceVersion "1"]
[SourceVersionDate "2021.10.06"]
[SourceQuality "1"]

1. d4 Nf6 2. c4 e6 3. Nf3 b6 4. g3 Bb7 5. Bg2 Be7 6. Nc3 0-0 7. 0-0 d6 8. b4 Nbd7 9. Bb2 c5 10. b5 Rc8 11. d5 exd5 12. cxd5 Re8 13. Nd2 Ne5 14. f4 Ng6 15. e4 Bf8 16. Nc4 Rc7 17. Re1 Bc8 18. Nxd6 Bxd6 19. e5 Nxe5 20. fxe5 Bxe5 21. Rxe5 Rxe5 22. Ne4 Rxe4 23. Bxf6 Qxf6 24. Bxe4 Bg4 25. Qxg4 Qxa1+ 26. Kg2 Qe5 27. Qh4 g6 28. Qd8+ Kg7 29. Bf3 Qe7 30. Qb8 c4 31. Kh3 c3 32. Be4 c2 33. d6 Qxd6 34. Bxc2 Qe6+ 0-1

[Event "St Jean op"]
[Site "St Jean sur Richelieu"]
[Date "2004.06.26"]
[Round "2"]
[White "Sirois, Eric"]
[Black "Perreault, Jacquelin"]
[Result "1/2-1/2"]
[WhiteElo "1644"]
[BlackElo "1837"]
[PlyCount "53"]
[EventDate "2004.06.??"]
[EventType "swiss"]
[EventRounds "5"]
[EventCountry "CAN"]
[SourceTitle "EXT 2006"]
[Source "ChessBase"]
[SourceDate "2005.11.24"]
[SourceVersion "1"]
[SourceVersionDate "2005.11.24"]
[SourceQuality "1"]

1. e4 c5 2. Nf3 d6 3. d4 cxd4 4. Nxd4 Nf6 5. Nc3 a6 6. Be3 e5 7. Nb3 Be6 8. Qd2 Nbd7 9. f3 b5 10. 0-0-0 Nb6 11. Qf2 Nfd7 12. Nd5 Bxd5 13. exd5 Rc8 14. Na5 Qc7 15. Nb3 Nc4 16. Bd3 Be7 17. h4 Nxe3 18. Qxe3 a5 19. Nd2 0-0 20. Ne4 Nf6 21. Nxf6+ Bxf6 22. g4 g6 23. g5 Bg7 24. h5 Qc5 25. Qxc5 Rxc5 26. hxg6 fxg6 27. Be4 1/2-1/2

[Event "Quebec Montcalm op 7th"]
[Site "Quebec"]
[Date "2004.04.29"]
[Round "1"]
[White "Sirois, Eric"]
[Black "Gago, Nelson"]
[Result "0-1"]
[WhiteElo "1617"]
[BlackElo "1881"]
[PlyCount "60"]
[EventDate "2004.04.29"]
[EventType "swiss"]
[EventRounds "5"]
[EventCountry "CAN"]
[SourceTitle "EXT 2005"]
[Source "ChessBase"]
[SourceDate "2004.11.15"]
[SourceVersion "1"]
[SourceVersionDate "2004.11.15"]
[SourceQuality "1"]

1. e4 c6 2. d4 d5 3. Nc3 dxe4 4. Nxe4 Bf5 5. Ng3 Bg6 6. h4 h6 7. Nf3 Nf6 8. h5 Bh7 9. Bd3 Bxd3 10. Qxd3 e6 11. Bd2 Be7 12. 0-0-0 a5 13. Ne4 Nbd7 14. Ne5 Nxe5 15. dxe5 Qxd3 16. cxd3 Nd5 17. a3 0-0 18. Kb1 Rfd8 19. Nc3 b5 20. Nxd5 Rxd5 21. Bf4 b4 22. a4 Rad8 23. Kc2 Bc5 24. Bg3 Bd4 25. f4 b3+ 26. Kb1 Be3 27. Rhf1 Rxd3 28. Rxd3 Rxd3 29. Bh2 Rd2 30. Bg1 Bxf4 0-1